[Event "26. Torneo Collado Villalba - B"]
[Site "Collado Villalba ESP"]
[Date "2010.08.26"]
[Round "7.7"]
[White "Morona Minguez, Irene"]
[Black "Greciano Reiskila, Miguel C"]
[Result "1-0"]
[WhiteElo "1838"]
[BlackElo "1970"]
[PlyCount "97"]
[EventDate "2010.08.20"]
[EventType "swiss"]
[EventRounds "9"]
[EventCountry "ESP"]
[Source "lmi"]
[SourceDate "2010.08.20"]

1. e4 c5 2. Nf3 d6 3. d4 cxd4 4. Nxd4 Nf6 5. Nc3 g6 6. Be3 Bg7 7. f3 O-O 8. Qd2
Nc6 9. O-O-O d5 10. Qe1 e5 11. Nxc6 bxc6 12. exd5 cxd5 13. Bg5 Qe8 14. Bxf6
Bxf6 15. Nxd5 Bg7 16. Nc7 Qa4 17. Nxa8 Bf5 18. Qc3 Qxa2 19. Kd2 Rc8 20. Nc7 e4
21. Qa3 Rd8+ 22. Ke1 Rxd1+ 23. Kxd1 Qb1+ 24. Kd2 Bxb2 25. Qb3 Qc1+ 26. Ke2 Bd4
27. Nd5 exf3+ 28. gxf3 Bxc2 29. Qb8+ Kg7 30. Bg2 Qg5 31. Nf4 Be5 32. Ne6+ fxe6
33. Qxa7+ Kh6 34. Bh3 Bf4 35. Qd4 Qb5+ 36. Kf2 e5 37. Qc3 Bd3 38. Bg4 Qb6+ 39.
Kg2 Qe3 40. Qe1 Qa7 41. Qf2 Be3 42. Qb2 e4 43. h4 Qf7 44. Ra1 Qf4 45. Ra3 Bc1
46. Qa2 Bxa3 47. Qxa3 Qd2+ 48. Kg3 e3 49. Qf8# 1-0

[Event "26. Torneo Collado Villalba - B"]
[Site "Collado Villalba ESP"]
[Date "2010.08.27"]
[Round "8.1"]
[White "Santamarta Dominguez, Fernando"]
[Black "Piriz Fernandez, Daniel"]
[Result "1-0"]
[WhiteElo "1772"]
[BlackElo "1841"]
[PlyCount "75"]
[EventDate "2010.08.20"]
[EventType "swiss"]
[EventRounds "9"]
[EventCountry "ESP"]
[Source "lmi"]
[SourceDate "2010.08.20"]

1. Nf3 Nf6 2. c4 e6 3. g3 b6 4. Bg2 Bb7 5. Nc3 Be7 6. O-O O-O 7. d4 d5 8. Ne5
Nbd7 9. Qa4 Nxe5 10. dxe5 Nd7 11. cxd5 Nc5 12. Qd1 exd5 13. Nxd5 c6 14. Nxe7+
Qxe7 15. Qd6 Rfe8 16. Be3 Na4 17. Rac1 Qxe5 18. Qxe5 Rxe5 19. b3 Nc5 20. Bxc5
bxc5 21. e3 c4 22. b4 a5 23. Rfd1 axb4 24. Rxc4 Rb5 25. Rd2 g6 26. Bxc6 Bxc6
27. Rxc6 b3 28. axb3 Rxb3 29. Rd7 Rb2 30. Kg2 Ra3 31. Rcc7 Rxe3 32. Rxf7 Ree2
33. Rg7+ Kf8 34. Rcf7+ Ke8 35. Rxh7 Rbc2 36. Rf6 g5 37. Rf5 Kd8 38. Rg7 1-0

[Event "26. Torneo Collado Villalba - B"]
[Site "Collado Villalba ESP"]
[Date "2010.08.27"]
[Round "8.2"]
[White "Monmeneu Chulia, Vicente Juan"]
[Black "Gil Fernandez, Daniel"]
[Result "1-0"]
[WhiteElo "1953"]
[BlackElo "1849"]
[PlyCount "59"]
[EventDate "2010.08.20"]
[EventType "swiss"]
[EventRounds "9"]
[EventCountry "ESP"]
[Source "lmi"]
[SourceDate "2010.08.20"]

1. d4 Nf6 2. c4 c5 3. d5 e5 4. Nc3 d6 5. e4 g6 6. h3 Bg7 7. g4 O-O 8. Bd3 Ne8
9. Nge2 Na6 10. Be3 Nb4 11. Bb1 Qh4 12. Qd2 h6 13. Ng3 Kh7 14. a3 Na6 15. Bd3
Nac7 16. b4 b6 17. Nce2 Bd7 18. Ng1 cxb4 19. g5 Bg4 20. hxg4 Qxg4 21. gxh6 Bh8
22. Bf1 Qd7 23. Bh3 Qa4 24. Qxb4 Qxb4+ 25. axb4 Nf6 26. Nf3 Kg8 27. Ke2 Nh7 28.
Rhg1 f5 29. Nxf5 Rxf5 30. Bxf5 1-0

[Event "26. Torneo Collado Villalba - B"]
[Site "Collado Villalba ESP"]
[Date "2010.08.27"]
[Round "8.3"]
[White "Fernandez Garcia, Ignacio"]
[Black "Rubio Campos, Juan"]
[Result "0-1"]
[WhiteElo "1909"]
[BlackElo "1813"]
[PlyCount "74"]
[EventDate "2010.08.20"]
[EventType "swiss"]
[EventRounds "9"]
[EventCountry "ESP"]
[Source "lmi"]
[SourceDate "2010.08.20"]

1. e4 c5 2. c3 Nf6 3. e5 Nd5 4. Bc4 Nb6 5. Bb3 c4 6. Bc2 g6 7. f4 d6 8. Nf3 Nc6
9. d4 cxd3 10. Bxd3 Bg7 11. exd6 Qxd6 12. O-O O-O 13. Be3 Nd5 14. Qc1 Nxe3 15.
Qxe3 Rd8 16. Bc2 Qc7 17. Nbd2 e6 18. Kh1 Nb4 19. Bb3 Nd5 20. Qe4 Nxf4 21. Ng5
Rxd2 22. Rxf4 Qe5 23. Raf1 Qxe4 24. Nxe4 Rd7 25. Ng5 Bh6 26. Rxf7 Bxg5 27. Rf8+
Kg7 28. Bxe6 Rd8 29. R8f7+ Kh6 30. Bxc8 Raxc8 31. Rxb7 Rd2 32. g3 Re8 33. h4
Be3 34. Rff7 Kh5 35. Rxh7+ Kg4 36. Rhd7 Kxg3 37. c4 Rh2# 0-1

[Event "26. Torneo Collado Villalba - B"]
[Site "Collado Villalba ESP"]
[Date "2010.08.27"]
[Round "8.4"]
[White "Rodriguez Gomez, Jose"]
[Black "Garcia Serrano, Jose M"]
[Result "0-1"]
[WhiteElo "1711"]
[BlackElo "1942"]
[PlyCount "82"]
[EventDate "2010.08.20"]
[EventType "swiss"]
[EventRounds "9"]
[EventCountry "ESP"]
[Source "lmi"]
[SourceDate "2010.08.20"]

1. e4 e5 2. Nf3 Nc6 3. Bb5 a6 4. Ba4 Nf6 5. O-O Nxe4 6. Re1 b5 7. Bb3 d5 8. d3
Nf6 9. Nxe5 Nxe5 10. Rxe5+ Be6 11. d4 Bd6 12. Re1 h6 13. h3 O-O 14. Nd2 Qd7 15.
Qf3 c6 16. Nf1 Ne4 17. c3 b4 18. Bc2 bxc3 19. bxc3 Bf5 20. Ba4 Bg6 21. Bd2 Rfc8
22. Rac1 Ba3 23. Rcd1 Bd6 24. c4 Qd8 25. cxd5 cxd5 26. Bb3 Nf6 27. Bf4 Be4 28.
Qe3 Bb4 29. Re2 Rc3 30. Be5 Rxe3 31. Nxe3 a5 32. f3 a4 33. Bxf6 gxf6 34. fxe4
axb3 35. axb3 dxe4 36. Ng4 f5 37. Ne3 Ra3 38. Rb2 Bc3 39. Rbb1 Bxd4 40. Kf2
Bxe3+ 41. Kxe3 Qb6+ 0-1